Statistics for World Flags- Intermediate

Click here to take the quiz!

General Stats

  • This quiz has been taken 19 times
  • The average score is 19 of 20

Answer Stats

Answer% Correct
Argentina
100%
Belgium
100%
Egypt
100%
Finland
100%
Poland
100%
Switzerland
100%
Turkey
100%
Austria
94%
Georgia
94%
Iceland
94%
Jamaica
94%
Lebanon
94%
Netherlands
94%
Panama
94%
South Africa
94%
Sri Lanka
94%
Hungary
88%
Ukraine
88%
Vietnam
88%
Philippines
75%

Score Distribution

Percentile by Number Answered

Percent of People with Each Score

Your Score History

You have not taken this quiz